00628 2200193 4500245004700000020001800047250001100065100002100076700002800097700002700125650001700152005001900169260004200188041001400230084001100244300002300255500014700278336000900425 aPasta Kacang MerahcSukegawa, DurianhText a9786020665078 aCet. 9 aSukegawa, Durian aRuth Priscilia Angelina aAsri Pratiwi Wulandari aNovel Remaja a20250304080911 aJakartabGramedia Pustaka Utamac2025 aIndonesia a808.83 a240 hlm. :c20 cm. aPasta kacang merah adalah harmoni kudapan manis dan persahabatn, kisah bagaimana harapan dapat membantu manusia menghadapi kelamnya masa lalu. atext